00803nam a22001937a 450000500170000000800410001702000150005804000070007304100080008008200230008810000180011124500420012925000120017126000460018330000290022936500790025852002310033765000410056820230324112501.0220909b ||||| |||| 00| 0 eng d a0761940545 cAL aeng 223a155.4123bDAVM aMollie Davies aMovement and dance in early childhood a2nd ed. aNew DelhibPaul Champman Publishingc2003 axx,216p.bHBc24.5x17cm. 2GeneralaWORDI/2022/CRB/1323b₹2550.00c₹d₹3643.20e30%f26-08-2022 aWhat is movement; learning to move; moving to learn the learning teaching environment; supporting extending and enriching movement; a matter expression; creating performing and appreciating dance; dance in statutory education. 2General Child PsychologyaPsychology